Music Quiz

Random Music or Billboard Quiz

American Song Titles Quiz Stats

 Plays Quiz Updated Oct 22, 2015

Challenge
Share
Tweet
Embed
Score 0/24 Timer 04:00
4 Plays Today
% Correct
Pie
90.7%
God
84.1%
Band
83.9%
Surfin'
81.2%
Idiot
79.2%
Born
77.8%
Woman
70.9%
Young
70.6%
Speak
68.1%
Girl
67.7%
Happiest
67%
Party
66.3%
% Correct
Living
52.4%
Boy
51.1%
R.O.C.K.
49.7%
Made
44.5%
Breakfast
41.7%
Kids
40.6%
Calling
40.1%
Back
24.4%
Love
20.7%
Life
19.8%
Only
17%
Tune
13.1%

You're not logged in!

Compare scores with friends on all Sporcle quizzes.
Join for Free
OR
Log In

You Might Also Like...

Show Comments

Extras

Top Quizzes Today


Score Distribution

Your Account Isn't Verified!

In order to create a playlist on Sporcle, you need to verify the email address you used during registration. Go to your Sporcle Settings to finish the process.

Report this User

Report this user for behavior that violates our Community Guidelines.

Details: